00322nam a22001097a 4500008004100000020001800041100001700059245008000076250000800156260004000164300000800204240805b |||||||| |||| 00| 0 eng d a9789394739444 aS. R. Myneni aProfessional Ethics, Accountancy for Lawyers & Bar-Bench Relation 2nd Edn.  a2nd aPrayagrajbCentral Law Agencyc2024 a458